Zincography (Record no. 548717)
[ view plain ]
| 000 -LEADER | |
|---|---|
| fixed length control field | 00787cam a2200193K 4500 |
| 082 ## - DEWEY DECIMAL CLASSIFICATION NUMBER | |
| Classification number | 686.2 |
| Author Mark | ROC |
| -- | L-Tech, P-180 |
| 100 1# - MAIN ENTRY--PERSONAL NAME | |
| Personal name | Böck, Josef, |
| 9 (RLIN) | 45124 |
| 245 10 - TITLE STATEMENT | |
| Title | Zincography |
| Remainder of title | a practical guide to the art as practised in connexion with letterpress printing ... Revised and enlarged edition. |
| Statement of responsibility, etc. | Translated by E. Menken. |
| 250 ## - EDITION STATEMENT | |
| Edition statement | 2d ed. |
| 260 ## - PUBLICATION, DISTRIBUTION, ETC. | |
| Place of publication, distribution, etc. | London, |
| Name of publisher, distributor, etc. | Wyman & Sons |
| Date of publication, distribution, etc. | [1886?] |
| 300 ## - PHYSICAL DESCRIPTION | |
| Extent | 1 online resource (55 p.) |
| 500 ## - GENERAL NOTE | |
| General note | Based upon an article originally published in Waldow's Illustrierte encyklopädie der graphischen künste. |
| 526 ## - STUDY PROGRAM INFORMATION NOTE | |
| Program name | 0 |
| Interest level | 0 |
| Reading level | 0 |
| Title point value | 686_200000000000000_ROC |
| 650 #0 - SUBJECT ADDED ENTRY--TOPICAL TERM | |
| Topical term or geographic name entry element | MCE |
| 9 (RLIN) | 379 |
| 650 #0 - SUBJECT ADDED ENTRY--TOPICAL TERM | |
| Topical term or geographic name entry element | Zincography. |
| 9 (RLIN) | 45125 |
| 700 1# - ADDED ENTRY--PERSONAL NAME | |
| Personal name | Menken, E., |
| 9 (RLIN) | 45126 |
| 856 40 - ELECTRONIC LOCATION AND ACCESS | |
| Uniform Resource Identifier | <a href="http://catalog.hathitrust.org/api/volumes/oclc/56361659.html">http://catalog.hathitrust.org/api/volumes/oclc/56361659.html</a> |
| 942 ## - ADDED ENTRY ELEMENTS (KOHA) | |
| Source of classification or shelving scheme | |
| Koha item type | Book |
| Withdrawn status | Lost status | Source of classification or shelving scheme | Damaged status | Not for loan | Permanent Location | Current Location | Date acquired | Total Checkouts | Full call number | Barcode | Date last seen | Price effective from | Koha item type |
|---|---|---|---|---|---|---|---|---|---|---|---|---|---|
| Military College of Engineering (MCE) | Military College of Engineering (MCE) | 09/04/2014 | 686.2 ROC | MCE-40067 | 09/04/2014 | 09/04/2014 | Book |
